Thuốc Đông y: Cách sử dụng, bào chế, bảo quản

সংরক্ষণ করুন:
গ্রন্থ-পঞ্জীর বিবরন
প্রধান লেখক: Nguyễn Đức Đoàn
বিন্যাস: গ্রন্থ
ভাষা:Undetermined
প্রকাশিত: H. Y Học 2002
বিষয়গুলি:
ট্যাগগুলো: ট্যাগ যুক্ত করুন
কোনো ট্যাগ নেই, প্রথমজন হিসাবে ট্যাগ করুন!
Thư viện lưu trữ: Trung tâm Học liệu Trường Đại học Cần Thơ
LEADER 00521nam a2200181Ia 4500
001 CTU_53717
008 210402s9999 xx 000 0 und d
020 |b 52000 
082 |a 615.882 
082 |b Đ406 
100 |a Nguyễn Đức Đoàn 
245 0 |a Thuốc Đông y: Cách sử dụng, bào chế, bảo quản 
245 0 |c Nguyễn Đức Đoàn 
260 |a H. 
260 |b Y Học 
260 |c 2002 
650 |a folk medicine 
980 |a Trung tâm Học liệu Trường Đại học Cần Thơ